| 000 | 00777nam a22002417a 4500 | ||
|---|---|---|---|
| 003 | OSt | ||
| 005 | 20260406161719.0 | ||
| 008 | 260406b |||||||| |||| 00| 0 eng d | ||
| 020 | _a9780716626312 | ||
| 040 | _cHS LRC | ||
| 050 |
_aBL 2400 _b.L581af 2016 |
||
| 100 |
_aLeonard, Scott A. _9131548 |
||
| 245 |
_aMyths and legends of Africa / _cScott A. Leonard |
||
| 260 |
_aChicago, Illinois : _bWorld Book, _cc2016. |
||
| 265 | _aPES | ||
| 300 |
_a64 pages : _bcolor illustrations ; _c26 cm. |
||
| 365 | _b1,667.00 | ||
| 440 |
_aFamous Myths and Legends of the World _924871 |
||
| 504 | _aIncludes glossary, references and index. | ||
| 650 |
_aMythology, African _xJuvenile literature _9131594 |
||
| 650 |
_aLegends _xAfrica _yJuvenile literature _9131595 |
||
| 942 |
_2lcc _cBK |
||
| 999 |
_c94066 _d94066 |
||